GCSE AQA Business: (Record no. 1867)

MARC details
000 -LEADER
fixed length control field 00502nam a22001577a 4500
003 - CONTROL NUMBER IDENTIFIER
control field OSt
005 - DATE AND TIME OF LATEST TRANSACTION
control field 20250522063256.0
008 - FIXED-LENGTH DATA ELEMENTS--GENERAL INFORMATION
fixed length control field 250521b |||||||| |||| 00| 0 eng d
020 ## - INTERNATIONAL STANDARD BOOK NUMBER
International Standard Book Number 9781789080889
040 ## - CATALOGING SOURCE
Original cataloging agency KMU
Language of cataloging eng
Transcribing agency KMU
Modifying agency KMU
Description conventions rda
050 ## - LIBRARY OF CONGRESS CALL NUMBER
Classification number HF 5381
245 ## - TITLE STATEMENT
Title GCSE AQA Business:
Remainder of title For the Grade 9-1 Exams/
Statement of responsibility, etc. Edited by Emily Forsberg, Duncan Lindsay, Ethan Starmer-Jones and Caroline Thomson
260 ## - PUBLICATION, DISTRIBUTION, ETC.
Place of publication, distribution, etc. Newcastle:
Name of publisher, distributor, etc. CGP,
Date of publication, distribution, etc. 2018.
300 ## - PHYSICAL DESCRIPTION
Extent iv, 188 pages;
Other physical details ill;
Dimensions 30 cm.
942 ## - ADDED ENTRY ELEMENTS (KOHA)
Source of classification or shelving scheme Library of Congress Classification
Koha item type Non-Fiction
Suppress in OPAC No
Holdings
Withdrawn status Lost status Source of classification or shelving scheme Damaged status Not for loan Collection Home library Current library Shelving location Date acquired Source of acquisition Total Checkouts Full call number Barcode Date last seen Price effective from Koha item type
    Library of Congress Classification     Non-fiction Kapasa Makasa University Kapasa Makasa University Open Access 22.05.2025 ZLS   HF 5381. For 301142 22.05.2025 22.05.2025 Non-Fiction
    Library of Congress Classification     Non-fiction Kapasa Makasa University Kapasa Makasa University Open Access 22.05.2025 ZLS   HF 5381. For 301143 22.05.2025 22.05.2025 Non-Fiction